Dictionnaire des idées contemporaines

में बचाया:
ग्रंथसूची विवरण
मुख्य लेखक: Michel Mourre
स्वरूप: पुस्तक
भाषा:Undetermined
प्रकाशित: Paris Editions Universitaires 1966
विषय:
टैग : टैग जोड़ें
कोई टैग नहीं, इस रिकॉर्ड को टैग करने वाले पहले व्यक्ति बनें!
Thư viện lưu trữ: Trung tâm Học liệu Trường Đại học Cần Thơ
LEADER 00507nam a2200181Ia 4500
001 CTU_26719
008 210402s9999 xx 000 0 und d
082 |a 809.03 
082 |b M929 
100 |a Michel Mourre 
245 0 |a Dictionnaire des idées contemporaines 
245 0 |c Michel Mourre 
260 |a Paris 
260 |b Editions Universitaires 
260 |c 1966 
650 |a literature - history and criticism 
904 |i Minh, 981019 
980 |a Trung tâm Học liệu Trường Đại học Cần Thơ